000 00803cam a22002531 4500
001 sa 68003379
003 DLC
005 20260227112452.0
008 710903s1967 pk 000 0 eng
010 _asa 68003379
025 _aPL480:P-E-1268
040 _aDLC
_cDLC
_dDLC
043 _aa-pk---
050 0 0 _aDS382
_b.A4
082 0 0 _a320.9/549
100 1 _aAllana, G.
_q(Gulam),
_d1906-1985.
245 1 0 _aPakistan movement;
_bhistoric documents,
_cby G. Allana.
250 _a[1st ed.]
260 _aKarachi
_b[Published by Paradise Subscription Agency] for Dept. of International Relations, University of Karachi
_c[1967]
300 _a467 p.
_c25 cm.
350 _aRs30
651 0 _aPakistan
_xHistory
_xSources.
710 2 _aUniversity of Karachi.
_bDepartment of International Relations.
999 _c79436
_d79436